000 00455 a2200193 4500
005 20260413114304.0
008 260413b |||||||| |||| 00| 0 eng d
020 _a9781907904288
_c£ 37.99
040 _aMAIN
082 _a574.192
_bB815B
100 _aBrown, T A
245 _aBiochemistry
260 _bScion Publishing
_c2017
_aBanbury
300 _axxii, 522
650 _aBiochemistry
650 _aEnzymes
650 _aCells
942 _cBK
999 _c395771
_d395771